000
00332nam a2200133Ia 4500
008
240624s9999 xx 000 0 und d
041
_a
eng
082
_a
332.1 BER
100
_a
BERGER ALLEN N
245
_a
OXFORD HANDBOOK OF BANKING
260
_c
2010
_a
New York
_b
Oxford University Press
300
_a
994 : p.
365
_c
RS
_b
27
999
_c
15454
_d
15454